Statistics for 100 Biggest Asian Cities on a Map

Click here to take the quiz!

General Stats

  • This quiz has been taken 4,952 times
    (4,893 since last reset)
  • The average score is 64 of 100

Answers on the Map

Answers color-coded by a green-red scale on the quiz's map according to % correct below.
 

Answer Stats

PopulationCity% Correct
30,300,000Delhi
98%
16,000,000İstanbul
98%
40,400,000Tōkyō
98%
18,800,000Bangkok
96%
19,800,000Bĕijīng
96%
5,350,000Dubai
96%
31,300,000Jakarta
96%
25,700,000Manila
96%
25,100,000Mumbai
96%
24,800,000Seoul
96%
33,600,000Shànghăi
96%
15,300,000Tehrān
96%
5,050,000Ankara
95%
7,000,000Baghdād
95%
17,700,000Ōsaka
93%
20,200,000Dhaka
92%
8,600,000Ho Chi Minh City
92%
8,900,000Kuala Lumpur
92%
8,050,000Riyadh
92%
7,900,000Singapore
92%
46,700,000Guăngzhōu
91%
7,500,000Hong Kong
90%
4,325,000Kabul
90%
17,800,000Karāchi
90%
16,800,000Kolkata
90%
3,800,000Hanoi
89%
3,825,000Damascus
88%
4,750,000Kuwait City
88%
5,600,000Ammān
87%
2,950,000Pyongyang
86%
9,150,000Taipei
86%
2,800,000Sana'a
85%
9,050,000Wŭhàn
85%
4,750,000Colombo
84%
13,000,000Lāhore
84%
11,300,000Chennai
82%
4,950,000Jeddah
82%
3,125,000Kathmandu
81%
12,200,000Bengaluru
80%
6,950,000Xi'an
80%
4,125,000Busan
79%
10,200,000Hyderābād
79%
3,225,000Tashkent
79%
3,025,000İzmir
76%
5,600,000Yangon
76%
10,500,000Nagoya
75%
12,700,000Tiānjīn
75%
8,500,000Ahmedabad
72%
9,600,000Chéngdū
71%
8,150,000Chóngqìng
69%
4,050,000Ürümqi
68%
10,000,000Xiàmén
67%
6,600,000Nánjīng
65%
4,925,000Chittagong
64%
5,100,000Harbin
64%
6,900,000Pune
64%
6,100,000Surabaya
61%
3,950,000Jaipur
57%
6,950,000Bandung
56%
8,450,000Hángzhōu
56%
6,100,000Qīngdăo
56%
3,200,000Isfahan
54%
2,725,000Cebu
52%
3,725,000Lucknow
52%
6,600,000Sūrat
52%
2,750,000Fukuoka
51%
8,000,000Shĕnyáng
50%
4,550,000Dàlián
47%
3,200,000Mashhad
46%
2,750,000Daegu
45%
4,025,000Fúzhōu
45%
4,000,000Medan
45%
4,250,000Kūnmíng
44%
3,650,000Faisalābād
43%
4,950,000Zhèngzhōu
43%
4,925,000Chángshā
42%
4,950,000Hefei
42%
3,275,000Nāgpur
39%
3,450,000Rāwalpindi
39%
3,475,000Nánníng
38%
7,650,000Shàntóu
37%
5,350,000Wēnzhōu
37%
3,475,000Kānpur
35%
3,175,000Indore
32%
2,775,000Kaohsiung
32%
4,475,000Jìnán
31%
3,275,000Níngbō
29%
3,700,000Chángchūn
28%
2,900,000Lánzhōu
25%
4,625,000Shíjiāzhuāng
25%
4,125,000Tàiyuán
24%
2,700,000Coimbatore
23%
3,525,000Zībó
21%
3,300,000Guìyáng
19%
2,775,000Gujranwala
19%
3,875,000Nánchāng
19%
2,900,000Bhilai
17%
2,875,000Tángshān
15%
2,850,000Xúzhōu
15%
2,800,000Huìzhōu
13%

Score Distribution

Percentile by Number Answered

Percent of People with Each Score

Your Score History

You have not taken this quiz since the last reset